000 01363cam a2200289 4500
001 ABS67819
008 040517n2004 000 0 eng u
035 _a(Sirsi) u126213
100 _aHui, E.
245 _aAssessment of office market in Hong Kong decentralised district versus CBD: boom and gloom
260 _c2004
490 _aProperty Management
_v22(2) 2004, 93-107(15)
520 _aStudies office decentralisation in Hong Kong's office market.Concludes that the Central Business District (CBD) is the most stable office market sector. During a market upturn the Grade A office market in Hong Kong Decentralised District (DD) has outperformed that of the CBD. However, during a market downturn, the vacancy rate in the DD tends to increase at a greater rate than that in the CBD. Concludes that periods with a sufficiently high index of decentralisation generally experienced increases in CBD rent premiums. Graphs, tables and references. [Taken from journal abstract].
590 _aABS
590 _aABS
650 _aOFFICE MARKET
650 _aDECENTRALISATION
650 _aHONG KONG
650 _aCENTRAL BUSINESS DISTRICTS
650 _aRENTAL MARKET
650 _aVACANCY RATES
650 _aOFFICE BUILDINGS
650 _aSPACE UTILISATION
690 _aCOMMERCIAL PROPERTY-MARKET
700 _aTse, R.
942 _n0
999 _c117359
_d117359